Las prestaciones accesorias en la sociedad de responsabilidad limitada

Detalles Bibliográficos
Autor principal: Viųelas Sanz, Margarita
Formato: Desconocido
Lenguaje:español
Publicado: Madrid : Dykinson, [2004]
Colección:Coleccin̤ antiguos alumnos de la Universidad de Alcal ̀; 4
Materias:
Acceso en línea:Acceso restringido

MARC

LEADER 00000ny a22000003n 4500
005 20110530101310.0
008 050412s2004 sp sm 000 0 spa c
017 |a D.L. M.38044-2004 
020 |a 8497724216 
035 |a 651 
040 |a BUAH.   |d vLex 
040 |a UMA.RE  |d vLex 
080 |a 347.724.033(460) 
090 |c 342  |d 342 
100 1 |a Viųelas Sanz, Margarita 
245 1 4 |a Las prestaciones accesorias en la sociedad de responsabilidad limitada  |h [Recurso electrn̤ico]  |c Margarita Viųelas Sanz 
256 |a Servicio en ln̕ea 
260 |a Madrid :  |b Dykinson,  |c [2004] 
300 |a 371 p. ;  |c 24 cm 
490 1 |a Coleccin̤ antiguos alumnos de la Universidad de Alcal ̀;  |v 4 
504 |a Bibliografa̕ 
506 1 |a Contenido solo disponible en los productos indicados  |d vLex Global  |d vLex Global (Academic Edition, excluding Law Schools)  |d vLex Global (U.S. Academic Edition, Law Schools)  |d vLex Global (U.S. Academic Edition, excluding Law Schools)  |d vLex Global (Academic Edition, Law Schools) 
650 0 7 |a Sociedad limitada  |2 Tesauro vLex 
650 0 7 |a Societario  |2 Tesauro vLex 
650 0 7 |a Aportacin̤ de acciones  |2 Tesauro vLex 
650 0 7 |a Participaciones sociales  |2 Tesauro vLex 
650 0 7 |a Sociedades de responsabilidad limitada  |2 Tesauro vLex 
650 0 7 |a Derecho de sociedades  |2 Tesauro vLex 
650 0 7 |a Aportaciones  |2 Tesauro vLex 
740 0 |a vLex Libros (Servicios en ln̕ea) 
856 4 0 |u http://vlex.com/source/651  |z Acceso restringido 
942 |c BOOK 
999 0 |a Corporations  |b Madrid